000 00722nam a2200241 a 4500
001 BRL_835
005 20190320210922.0
008 151013s1923----gw-a######---#000-0#ger-#
041 _ager
044 _agw
050 4 _aN5390
_b.S27 1923
100 1 _aSarre, Friederich
_925084
245 1 0 _aDie Kunst des Alten Persien
_bMit 152 Tafeln und 19 Textabbildungen
_cvon Friederich Sarre.
260 _aBerlin
_bBruno Cassirer
_c1923
300 _aix, 75 p.
_bil., 152 láminas
_c26 cm.
440 0 _aDie kunst des ostens
_vBand 5
_925085
500 _aAu929
650 1 4 _aArte iraní
_xHistoria
_925086
650 1 4 _aArte persa
_xHistoria
_925087
651 4 _aIrán
_xAntigüedades
_925088
902 _aGRL
942 _2lcc
_cB
999 _c9647
_d9647